| 000 | 00513cam a2200193ua 4500 | ||
|---|---|---|---|
| 020 |
_a81-204-0097-6 _c175.00 |
||
| 041 |
_aeng _h |
||
| 082 |
_a581.15 _bRED/GE |
||
| 100 | _aReddy, G M . | ||
| 245 | 0 | 0 |
_aGene structure and function in higher plants / _cG M Reddy. _hTextual Documents |
| 250 |
_a1 / _b. |
||
| 260 |
_aNew Delhi : _bOxford & IBH Publishing company , _c1986. |
||
| 300 | _a303 ; . | ||
| 365 | _a175.00 | ||
| 504 | _a | ||
| 700 | 1 | _aCoe, E H . | |
| 942 | _cBK | ||
| 999 |
_c10288 _d10288 |
||